| 000 | 00481nmm a2200157Ia 4500 | ||
|---|---|---|---|
| 008 | 251105s9999||||xx |||||||||||||||||und|| | ||
| 020 | _a9781558856943 | ||
| 041 | _aeng | ||
| 100 | _aDelgado, Abelardo | ||
| 245 | 0 | _aHere lies Lalo : The collected poems of Abelardo Delgado | |
| 264 |
_a[Washington, Estados Unidos] : _bArte Público Press, _c2011 |
||
| 300 | _a224 páginas | ||
| 650 | _aOther poetry | ||
| 856 | _uhttps://public.digitaliapublishing.com/a/23212 | ||
| 942 | _cCF | ||
| 999 |
_c74852 _d74852 |
||